| 000 | 01047nam a22001937a 4500 | ||
|---|---|---|---|
| 003 | JO-AjAnu | ||
| 005 | 20250713200555.0 | ||
| 008 | 250713b jo ||||| |||| 00| 0 ara d | ||
| 040 |
_aanu _cJO-AjAnu |
||
| 041 | _hara | ||
| 100 |
_aالصقر، وفاء محمد سالم _eمعد _966560 |
||
| 245 |
_aمدى وعي معلمات رياض الأطفال بمؤشرات صعوبات الكتابة في مرحلة الروضة = The Extent of Kindergarten Teachers' Awareness of Indicators of Writing Disabilities in Kindergarten _c / إعداد وفاء محمد سالم الصقر ؛ اشراف ريم عبدالله الكناني |
||
| 260 | _c2025 | ||
| 300 | _a70 ورقة | ||
| 500 | _aرسالة جامعية ( رسالة ماجستير في التربية الخاصة) - جامعة عجلون الوطنية (الاردن-عجلون)، كلية العلوم التربوية ، 2025 | ||
| 650 | _vالكتابة-صعوبات التعلم | ||
| 700 |
_aالكناني، ريم عبدالله _964923 _eمشرف |
||
| 942 |
_2lcc _cTHS _n0 |
||
| 999 |
_c33924 _d33924 |
||